Geography Quiz

Random Geography or City Quiz

City by Parks Quiz Stats

 Plays Quiz Updated Sep 14, 2019

Score 0/22 Timer 07:00
0 Plays Today
Park City % Correct
Central Park, Chelsea ParkNew York City, New York
98.9%
Regent's Park, Hyde ParkLondon, England
66.8%
Bois de Boulogne, Bois de VincennesParis, France
66.5%
Tiergarten, Britzer GartenBerlin, Germany
60.9%
Gorky Park, Sokolniki ParkMoscow, Russia
42.6%
Grant Park, Lincoln ParkChicago, Illinois
42.5%
Englischer Garten, HofgartenMunich, Germany
38.3%
Beihai Park, Jingshan ParkBeijing, China
34.3%
Parc Mont Royal, Parc Jean-DrapeauMontreal, Canada
28.7%
Ueno Park, Ogasawara National ParkTokyo, Japan
24.7%
Chapultepec Park, Jardin CentenarioMexico City, Mexico
24%
Park City % Correct
Saint Stephen's Green, Phoenix ParkDublin, Ireland
22.2%
Monsanto Forest Park, Parque das NaçõesLisbon, Portugal
21.7%
Griffith Park, Descanso GardensLos Angeles, California
17.9%
Centennial Park, The Royal Botanic GardensSydney, Australia
17.9%
Stanley Park, Vanier ParkVancouver, British Columbia, Canada
16.1%
Park Güell, Montjuïc Barcelona, Spain
15.4%
Gasworks Park, Discovery ParkSeattle, Washington
8.5%
Schenley Park, Frick ParkPittsburgh, Pennsylvania
8.2%
Flagstaff Gardens, Royal Botanic GardensMelbourne, Australia
6.9%
Lumphini Park, Chatuchak ParkBangkok, Thailand
5.9%
Midsummer Common, Parker's PieceCambridge, England
4.5%

You're not logged in!

Compare scores with friends on all Sporcle quizzes.
OR
Log In

Sporcle TV

Today on Sporcle TV


Watch our educational content, quiz creation guides, and fun videos on Sporcle TV.

Show Comments

Extras

Top Quizzes Today


Score Distribution

Your Account Isn't Verified!

In order to create a playlist on Sporcle, you need to verify the email address you used during registration. Go to your Sporcle Settings to finish the process.

Report this User

Report this user for behavior that violates our Community Guidelines.

Details: